000 00594nam a22002177a 4500
001 00028655
005 20260326161412.0
008 260326b ag ||||| |||| 00| 0 spa d
020 _a9508083514
040 _aAR-CcCEOS
_bspa
_cAR-CcCEOS
041 _aspa
080 _a616.852
090 _bCAN
100 _aPura Cancina
_9977
245 _aFatiga crónica / Neurastenia /
_bLas indolencias de la actualidad /
_cPura Cancina
250 _a1ª ed.
260 _aRosario :
_bHomo Sapiens,
_c2002.
300 _a210 p. ;
_c21x16 cm.
655 0 _aneurastenia
_9978
942 _2udc
_cBK
_n0
999 _c28688
_d28688